000 00294 a2200109 4500
001 68500
040 _cAnchieta - Itaigara
240 1 0 _aO jovem explorador do mundo
_l
245 1 0 _aO jovem explorador do mundo
650 4 _aEnciclopédias gerais (almanaques,anuários enciclopédicos
942 _cMU
999 _c68500
_d68500